Statistics for International Rugby - Most wins against England

Click here to take the quiz!

General Stats

  • This quiz has been taken 90 times
    (37 since last reset)
  • The average score is 6 of 13

Answer Stats

WinsCountryPlayer% Correct
10New ZealandDaniel Carter
94%
12New ZealandRichard McCaw
82%
9WalesAlun-Wyn Jones
74%
11WalesJPR Williams
74%
9South AfricaBrian Habana
44%
10New ZealandMa'a Nonu
44%
10FranceFabien Pelous
35%
13New ZealandKeven Mealamu
35%
12New ZealandTony Woodcock
35%
9South AfricaFrancois Steyn
29%
10WalesGareth Edwards
29%
9South AfricaJean De Villiers
24%
9New ZealandMils Muliaina
21%

Score Distribution

Percentile by Number Answered

Percent of People with Each Score

Your Score History

You have not taken this quiz since the last reset